000 00681nam a2200253Ia 4500
003 OSt
005 20220926020133.0
006 a|||||r|||| 00| 0
007 ta
008 220923b |||||||| |||| 00| 0 eng d
020 _a030811511
037 _cGeneral Book
040 _aRTL
_cRTL
_beng
041 _2eng
_aeng
082 _aSN1, K9
100 _aBandura Albert
245 0 _aPrincipels of behavior modification
260 _aNew York
_bRinehart and Winston USA
_c1969
300 _aix, 677p.
_ccm.
500 _aBib at the end of each chapter
650 _aPsychology
942 _hSN1, K9
_cGB
_2CC
999 _c633365
_d633365